Afghanistan : a military history from alexander the great to the fall of the taliban (Record no. 62578)

000 -LEADER
fixed length control field 00531nam a22001817a 4500
003 - CONTROL NUMBER IDENTIFIER
control field NUST - PNEC
005 - DATE AND TIME OF LATEST TRANSACTION
control field 20170116180752.0
008 - FIXED-LENGTH DATA ELEMENTS--GENERAL INFORMATION
fixed length control field 150311b xxu||||| |||| 00| 0 eng d
020 ## - INTERNATIONAL STANDARD BOOK NUMBER
International Standard Book Number 030811642
040 ## - CATALOGING SOURCE
Transcribing agency LIBRARY
082 ## - DEWEY DECIMAL CLASSIFICATION NUMBER
Classification number 958.1 TAN
100 ## - MAIN ENTRY--PERSONAL NAME
9 (RLIN) 1740
Personal name Tanner Stephen
245 ## - TITLE STATEMENT
Title Afghanistan : a military history from alexander the great to the fall of the taliban
Statement of responsibility, etc. Stephen Tanner
260 ## - PUBLICATION, DISTRIBUTION, ETC.
Place of publication, distribution, etc. Cambridge
Name of publisher, distributor, etc. Da Capo Press
Date of publication, distribution, etc. c2002.
300 ## - PHYSICAL DESCRIPTION
Extent 351 p. :
650 ## - SUBJECT ADDED ENTRY--TOPICAL TERM
9 (RLIN) 1739
Topical term or geographic name entry element War
General subdivision History, General
942 ## - ADDED ENTRY ELEMENTS (KOHA)
Source of classification or shelving scheme
Koha item type Book
Holdings
Withdrawn status Lost status Source of classification or shelving scheme Damaged status Not for loan Permanent Location Current Location Shelving location Date acquired Source of acquisition Cost, normal purchase price Total Checkouts Full call number Barcode Date last seen Cost, replacement price Price effective from Koha item type
          Pakistan Navy Engineering College (PNEC) Pakistan Navy Engineering College (PNEC)   06/23/2014 ZS Dictionary Shop / NUST Recurring A/c 200.00   958.1 TAN PNECLIB-031913 03/11/2015 200.00 06/23/2014 Book
© 2023 Central Library, National University of Sciences and Technology. All Rights Reserved.